00795nam a2200205 a 450000500170000000800410001702000180005805000220007610000140009824500320011226000350014430000090017944000180018852001540020665000310036065000270039170000290041899900190044795201230046620140412111429.0090226s19uu xx 00 eng d a0-439-56862-5 aTR(PS EbOn2 2004 aBoyd, Dee aOnly the stars /cDee Boyd. aNew York :bScholastic,c2004. a32p. aJust for You! aTia loves stars more than anything else and wishes to see them in the daytime, too, so her grandmother help her find ways to enjoy stars all day long aAfrican American - Fiction aGrandmothers - fiction aIllustrated by Anna Rich c106320d106320 00104050aELbELcTRd2009-02-26eLib. Fundg50.00l0oTR(PS E On2 2004pE11580r2014-04-12 00:00:00w2014-04-12yBK